000 00427nam a2200157Ia 4500
008 240729s9999 xx 000 0 und d
022 _a1687-8167
245 0 _aInternational Journal of Agronomy
260 _aUnited Kingdom
260 _bHindawi Limited
650 _a Agriculture (General)
650 _aAgriculture
856 _uhttps://doaj.org/toc/0e9a85a7e0c44837909c05bb09e8bbe1
942 _2ddc
942 _cDOAJEJ
999 _c71599
_d71599
945 _a1
_bMadushi Gamage
_c1
_dMadushi Gamage